00000000nam 2200000zi 4500
0019.945896
003CaOODSP
00520241205083423
006m     o  d f      
007cr bn|||||||||
008241205e198303##quca    ob   f000 0 fre d
020 |a0662920686 |q(imprimé)
040 |aCaOODSP|bfre|erda|cCaOODSP
0410 |afre|bfre|beng
043 |an-cn---
045 |ax7x7
0861 |aEn42-1/3-82-4F-PDF|zEN42-3/82-4F
24500|aÉmissions de polluants dans l'atmosphère et méthodes de dépollution : |bmétallurgie de première fusion du cuivre / |cpar la Division des minéraux et des métaux, Direction des évaluations techniques, Direction générale de l'assainissement de l'air.
264 1|aHull (Québec), Canada : |bEnvironnement Canada, Service de la protection de l'environnement = Environment Canada, Environmental Protection Service, |cmars 1983.
264 4|c©1983
300 |a1 ressource en ligne (viii, 74 pages) : |billustrations.
336 |atexte|btxt|2rdacontent/fre
337 |ainformatique|bc|2rdamedia/fre
338 |aressource en ligne|bcr|2rdacarrier/fre
4901 |aLes rapports du Service de la protection de l'environnement = |aEnvironmental Protection Service report series
500 |aPublié aussi en anglais sous le titre : Air pollution emissions and control technology: primary copper industry.
500 |a« Rapport SPE 3-AP-82-4. »
500 |a« Analyse économique et technique, rapport SPE 3-AP-82-4 » -- Couverture.
500 |aÉdition numérisée de l'imprimé [par Environnement et changement climatique Canada].
504 |aComprend des références bibliographiques (pages [69]-74).
546 |aComprend des résumés en français et en anglais.
650 6|aCuivre|xFusion|xDéchets|xÉlimination|xAspect de l'environnement|zCanada.
650 6|aAir|xPollution|zCanada.
650 6|aTechnique de l'environnement|xAppareils et matériel|zCanada.
7101 |aCanada. |bService de la protection de l'environnement, |eorganisme de publication.
7101 |aCanada. |bDirection générale de l'assainissement de l'air. |bDivision des minéraux et des métaux, |eorganisme de publication.
77508|tAir pollution emissions and control technology : |w(CaOODSP)9.921988
830#0|aSérie de rapports du Service de la protection de l'environnement.|w(CaOODSP)9.866045
85640|qPDF|s9.42 Mo|uhttps://publications.gc.ca/collections/collection_2024/eccc/en42/En42-1-3-82-4-fra.pdf